Responses for Show #1116 - Monday, June 12, 1989

Contestants

[<< previous game]

John Katchmer, a word processor originally from Millersville, Pennsylvania

Robert Plunkett, an attorney from Simi Valley, California

Julie Harris Neiger, a teacher from San Diego, California (whose 1-day cash winnings total $4,400)

[next game >>]

Jeopardy! Round responses

AUTHORS
TRANSPORTATION
WEDDINGS
SPORTS
POTLUCK
DOUBLE TALK
    $100 1
Willa Cather

Julie
    $100 10
raft

Julie
    $100 23
left side

Julie
    $100 4
kilt

Robert
    $100 5
Herb Alpert

John
    $100 21
yo-yo

Robert
    $200 2
Mother Goose

Julie
    $200 11
(Alex: The fare by the way was over 31,000 pounds, but nobody paid it because the trip was done to raise money for a charity.)

Sydney Opera House

Julie
    $400 24
(Alex: We've got less than a minute.)
...
[The song was reprised going into the break.]

"Wedding Bell Blues"

Julie
    $200 6
polo

John
    $200 14
all-terrain vehicle

John
    $200 22
Water, water

Julie
    $300 3
Washington

John
    $300 15
bicycles

Robert
    $300 25
Alice Roosevelt

Julie
    $300 7
Whalers

John
    $300 16
Moe

Robert
    $300 28
(Julie What is Bora Bora?)
...
[The end-of-round signal sounds.]

Pago Pago

JulieRobert
    $400 12
German

Robert
    $400 19
yachting

John
    $400 26
glass

Robert
    $400 8
Denver

John
    $400 17
sparkling wine

Triple Stumper
    $500 13
Abelard

Robert
    $500 20
Metroliner

John
    $500 27
groom's mother

Julie
    $500 9
volleyball

John
    $500 18
Ming

Robert

Scores at the first commercial break (after clue 15):

Julie Robert John
$600 $1,300 $2,000

Scores at the end of the Jeopardy! Round:

Julie Robert John
$1,800 $2,900 $2,900

Double Jeopardy! Round responses

AMERICAN HISTORY
FOOD
THE MIDDLE EAST
MYTHOLOGY
WEATHER
SINGERS & ROLES
    $200 2
Henry Ford

John
    $200 1
vanilla

John
    $200 7
Iraq

John
    $200 12
(John: Who is Eros?)

Cupid

JulieJohn
    $200 19
(Robert: What is Tampa?)

Miami

RobertJohn
    $200 17
Paul McCartney

Julie
    $400 3
Labor Day

John
    $400 13
popcorn

Robert
    $400 8
Soviet Union

John
    $400 24
the Vestal virgins

Robert
    $400 20
snow

Julie
    $400 18
The Wiz

John
    $600 4
Postal Service

Robert
    $600 14
macadamia

Julie
    $600 9
Lebanon

Robert
    $600 25
(Julie: Who is Electra?)

Antigone

JulieRobert
    $600 28
temperature inversion (or thermal inversion)

John
    $600 21
Willie Nelson

Julie
    $800 5
(2 of) wages & prices (or rents)

Robert
    $800 15
lima bean

Julie
    $800 10
Jewish-Palestinian state

Robert
    $800 26
Sparta

Julie
    $800 29
(John: What is the stratosphere?)

the troposphere

John
Triple Stumper
    $800 22
From Here to Eternity

Julie
    $1000 6
50th

Robert
    $1,500 16
a zwieback

Julie
    $1000 11
France

Robert
    $1000 27
a swan

Robert
    $1000 30
(Alex: We used the same clue recently and the contestants missed it. We're just going to keep using it until somebody gets it. [*]. At least we'll be educating Americans.)

the Department of Commerce

Triple Stumper
    $1,500 23
Judy Garland & Barbra Streisand

Julie

Scores at the end of the Double Jeopardy! Round:

Julie Robert John
$8,600 $9,900 $4,500

[wagering suggestions for these scores]

Final Jeopardy! Round responses

VOCABULARY
(Alex: Goodness, have we stumped all three of our contestants? Perhaps if I told you right now that the Greek word for word is "lexis", it would help.)
JohnWhat is lexicon?
$1,500
JulieWhat is logo?
$4,500
RobertWhat is Thes ?
$7,301
lexicon

Final scores:

Julie Robert John
$4,100 $2,599 $6,000
2nd place: 4-day Bahamas cruise + 3-day Disney World trip 3rd place: Dykstra Glass grandfather clock New champion: $6,000

Game dynamics:

Coryat scores:

Julie Robert John
$7,400 $9,900 $4,500
19 R
(including 3 DDs),
2 W
19 R,
1 W
17 R,
2 W

Combined Coryat: $21,800

[game clues] [game scores] [suggest correction]

Game tape date: 1989-02-13
The J! Archive is created by fans, for fans. Scraping, republication, monetization, and malicious use prohibited; this site may use cookies and collect identifying information. See terms. The Jeopardy! game show and all elements thereof, including but not limited to copyright and trademark thereto, are the property of Jeopardy Productions, Inc. and are protected under law. This website is not affiliated with, sponsored by, or operated by Jeopardy Productions, Inc. Join the discussion at JBoard.tv.